00951cam a2200265 450000100060000000300080000600500170001400800410003103500190007204000230009104100080011408200250012210000500014724500830019725000140028026000770029430000360037135000090040750400300041665000250044674000430047194200120051499900170052695201420054345060BD-RjUL20211209053946.0160721s19641959enka b 001 0 eng  a(BD-RjUL)45178 aDLCcDLCdDLCbeng aeng00a510.02433bLEI 1964 1 aLewis, J. Parryq(John Parry),d1927-913179813aAn introduction to mathematics for students of economicsc[by] J. Parry Lewis. a1st edi.  aLondon :bMacmillan;aNew York :bSt. Martin's P.,c1959 [reprint 1964]  axiii, 394 p. :bill. ; c21 cm. a80/- aBibliography: p. 561-562. 0aMathematics.9138039 aMathematics for students of economics. 2ddccBK c45060d45060 00102ddc40708NFICaRUCLbRUCLcStackd1965-11-08eZeithlingerg40.00l0o510.02433 LEI 1964r2016-07-21 00:00:00tC-2w2016-07-21yBK